000
00292nam a2200145Ia 4500
100
_a
Eckel/ Bruce
942
_c
BK
654
_a
java
245
_a
Thinking in Java
260
_b
Prentice Hall
_c
2000
082
_a
005.133'J'
_b
ECK
300
_a
1098
546
_a
ENGLISH
999
_c
26797
_d
26797